02482nam a2200349 a 450000500170000000700150001700800410003201700210007302000180009403500090011204000090012109000150013010000370014524501380018225600240032026000330034430000280037750007780040550400320118350602850121565000490150065000450154965000440159465000460163874000380168483000340172283001180175685601360187494200080201095200950201899900190211320240305165355.0cr|||| |||| 110729s2011 sp |||| |||| 000 0 spa c aDL SE. 1952-2011 a9788498498295 a5833 dvLex c3073d30731 aPérez Álvarez, María Pilar10aInnovación metodológica y Espacio Europeo de Educación Superiorh[Recurso electrónico] /cMaría del Pilar Pérez Álvarez aServicio en línea aMadrid :bDykinson,cDL 2011 a1 recurso electrónico aLa adopción del sistema de créditos ECTS y el nuevo aspecto –promovido por la legislación universitaria– de la formación en competencias impulsan un cambio en las metodologías docentes hacia métodos de aprendizaje más activo del estudiante en un contexto que se extiende a lo largo de la vida (lifelong learning). De igual manera, la nueva distribución de la docencia en clases magistrales, seminarios y tutorías, establecida en la ordenación docente para los nuevos Grados, permite planificar y programar las distintas materias desde una perspectiva totalmente nueva en la que, junto a los métodos tradicionales, adquieren mayor protagonismo otras técnicas y actividades más innovadoras e interactivas –enmarcadas en las clases de Seminario–. aBibliografía p. [259]-2641 aContenido solo disponible en los productos indicadosdvLex Global dvLex Global (Academic Edition, excluding Law Schools) dvLex Global (U.S. Academic Edition, Law Schools) dvLex Global (U.S. Academic Edition, excluding Law Schools) dvLex Global (Academic Edition, Law Schools)  4aDerechoxEnseñanza universitariazEspaña 4aEnseñanza universitariaxMetodología 4aEnseñanza universitariaxInnovaciones 4aDerecho romanoxEnseñanza universitaria0 avLex Libros (Servicio en línea) 0aManuales jurídicos Dykinson 0aMonografías de derecho romano.pMetodología docente. Causismo jurisprudencial. Fuentes del conocimiento ; v240uhttps://app.vlex.com/#/sources/innovacion-metodologica-espacio-europeo-educacion-superior-experiencias-docentes-ambito-derecho-5833 cRAA 001040708VLEX9319489aBD-UINbBD-UINd2024-03-05l0p5833r2024-03-05w2024-03-05yRAA c161486d161486